01843nam a2200397 a 4500001001000000003000500010005001700015008004100032010001100073011001100084040000900095090001000104100003900114245023400153260004100387500006000428502010300488590004100591590004000632590004000672590004000712590004000752590004000792650003800832650004800870650003500918650004800953650005601001856007001057901000701127942001001134942000601144999001901150952014001169952013601309000112400CHAP20220329144303.0160309s2015 mx sm |||||||spa d a108861 a109833 cCHAP aTesis1 aGonzález Molina, Osvaldo913066813aLa conservación comunitaria en la sombra de la mina:h[En línea]bapropiación territorial, Instituciones locales y gobernanza en el Ejido Ovando La Piñuela, Escuintla, Chiapas, 1980-2013. /cpor Osvaldo González Molina. aChapingo, Méx. :bEl autor,c2015. aPara ver el contenido del material haga clic en la liga aTesis (M.C. en Desarrollo Rural Regional ) -- UACH. Direccion de Centros Regionales Universitarios aE11695DGDb10c20160314lUCH01h0917 aE5995AHEb05c20160309lUCH01h1417 aE5995AHEb05c20160309lUCH01h1420 aE5995AHEb05c20160309lUCH01h1421 aE5995AHEb05c20160309lUCH01h1425 aE5995AHEb05c20160310lUCH01h103914aComunidadxOrganización.92624814aDesarrollo de la comunidadzChiapas.93197914aInstituciones sociales.95898014aMinas y recursos mineralesxChiapas.97590814aRecursos naturalesxConservaciónzChiapas.995260 aFinding aiduhttp://10.13.5.2/tesis/sist112400.pdfzTeclea aquí aBK cTESIS n0 c108861d108861 00102local4053708TESISaBCbBCcPA_TESISd2016-03-09fTESISl0oTesisp33724002519801r2019-12-31 00:00:00tc.2w2019-12-31yTESIS 00104054718TESISaBCbBCd2016-03-09fTESISl0oTesisp33724002519842r2019-12-31 00:00:00w2019-12-31yTESISzRecien adquirido